[Event "AUTO-INT-759"]
[Site "http://www.queenalice.com/game.php?id=339745"]
[Date "2008.1.21"]
[Round "1"]
[White "RocketJoe"]
[Black "KAXY"]
[Result "0-1"]
[WhiteElo "1204"]
[BlackElo "1610"]

1. e3 e5 2. Bc4 d5 3. Bb3 Be6 4. Nf3 Nc6 5. O-O Bd6 6. Qe2 Qe7 7. Qb5 O-O-O 8.
Bxd5 Bxd5 9. Qxd5 Nf6 10. Qb3 e4 11. Ng5 Ne5 12. d4 exd3 13. cxd3 Nxd3 14. Qxd3
Bxh2+ 15. Kxh2 Rxd3 16. a4 Ng4+ 17. Kh3 Qxg5 18. f4 Qh5+ 19. Kg3 f5 20. Ra3 Qh2+
21. Kf3 Re8 22. Rxd3 g5 23. Nc3 gxf4 24. Nb5 Qg3+ 25. Ke2 Qxg2+ 26. Ke1 fxe3 27.
Nxa7+ Kb8 28. Nb5 e2 29. Bd2 Qxf1# 0-1

[Event "AUTO-INT-759"]
[Site "http://www.queenalice.com/game.php?id=339746"]
[Date "2008.1.21"]
[Round "1"]
[White "KAXY"]
[Black "RocketJoe"]
[Result "1-0"]
[WhiteElo "1657"]
[BlackElo "1177"]

1. d4 e6 2. e4 Nc6 3. d5 Ne5 4. dxe6 fxe6 5. Qh5+ Nf7 6. Bg5 Be7 7. Bxe7 Qxe7 8.
Nc3 Qf6 9. e5 Qxe5+ 10. Qxe5 Nxe5 11. Be2 g6 12. O-O-O Nf6 13. Nh3 Nfg4 14. Bxg4
Nxg4 15. Rhe1 d5 16. Nxd5 Rb8 17. Nxc7+ Ke7 18. f3 Nxh2 19. Rh1 Bd7 20. Rxh2
Rbc8 21. Nf4 Rxc7 22. Nxg6+ hxg6 23. Rxh8 Bb5 24. Rh7+ Kf6 25. Rxc7 Bc6 26. c4
g5 27. Rd4 Ke5 28. Rd2 Kf4 29. b4 a6 30. a4 Bxa4 31. Rxb7 Bb3 32. c5 Bd5 33. Ra7
g4 34. fxg4 Kxg4 35. Rxa6 Bc4 36. Rd4+ Kg3 37. Rxc4 e5 38. c6 Kxg2 39. Ra3 1-0

[Event "AUTO-INT-759"]
[Site "http://www.queenalice.com/game.php?id=339747"]
[Date "2008.1.21"]
[Round "1"]
[White "RocketJoe"]
[Black "Fudencio"]
[Result "0-1"]
[WhiteElo "1281"]
[BlackElo "1945"]

1. d3 d5 2. e4 dxe4 3. dxe4 Qxd1+ 4. Kxd1 Nf6 5. Nc3 Nc6 6. f3 Be6 7. Be3 O-O-O+
8. Bd3 Ne5 9. f4 Nxd3 10. cxd3 Bc4 11. Ke1 Rxd3 12. Bd2 e5 13. b3 Bb4 14. Rc1
Ba6 15. Nf3 exf4 16. Ne5 Rxd2 17. Kxd2 Re8 18. Nxf7 Nxe4+ 19. Kd1 Nxc3+ 20. Kd2
Re2# 0-1

[Event "AUTO-INT-759"]
[Site "http://www.queenalice.com/game.php?id=339748"]
[Date "2008.1.21"]
[Round "1"]
[White "Fudencio"]
[Black "RocketJoe"]
[Result "1-0"]
[WhiteElo "1984"]
[BlackElo "1320"]

1. e4 e5 2. Nf3 d6 3. d4 Nf6 4. dxe5 Nxe4 5. Qd5 Nc5 6. Bg5 Be7 7. exd6 cxd6 8.
Bb5+ Nc6 9. Bxc6+ bxc6 10. Qxc6+ Kf8 11. Qxa8 Qc7 12. Bxe7+ Kxe7 13. O-O Re8 14.
Re1+ Kf8 15. Rxe8+ Kxe8 16. Nc3 Qb7 17. Qxb7 Bxb7 18. Re1+ Kf8 19. Nd4 h5 20.
Ncb5 d5 21. Nd6 g6 22. Re8+ Kg7 23. Re7 Kf6 24. Rxf7+ Ke5 25. N6b5 a6 26. Nf3+
Ke6 27. Ng5+ Ke5 28. f4# 1-0

[Event "Challenge"]
[Site "http://www.queenalice.com/game.php?id=346766"]
[Date "2008.2.1"]
[Round "-"]
[White "RocketJoe"]
[Black "luongo_00001"]
[Result "0-1"]
[WhiteElo "1376"]
[BlackElo "1608"]

1. e3 e5 2. Qf3 Nf6 3. Bc4 Nc6 4. g4 d5 5. Bb3 Bxg4 6. Qg3 Bc5 7. Nc3 d4 8. f3
Be6 9. Qxg7 Rg8 10. Qh6 dxc3 11. dxc3 Bxb3 12. axb3 Rg6 13. Qh4 Qe7 14. Ra4
O-O-O 15. e4 Rxg1+ 16. Rxg1 Bxg1 17. Bg5 Rd6 18. c4 Nd8 19. Ra5 Qe6 20. f4 Bd4
21. c3 Bb6 22. f5 Qe7 23. c5 Bxa5 24. cxd6 Qxd6 25. Bxf6 Qd3 26. Qxh7 Qb1+ 27.
Ke2 Qxb2+ 28. Kf3 Qxc3+ 29. Kg4 Qxb3 30. Qh8 c5 31. Qf8 Qd1+ 32. Kg5 Qg1+ 33.
Kh6 Qxh2+ 34. Kg7 Qg3+ 35. Kh8 Bb6 36. Qd6 Qh3+ 37. Kg8 Qg4+ 38. Kf8 Qxe4 39.
Ke8 Qd4 40. Qe7 Bc7 41. Bg5 a5 42. Bh4 a4 43. Qg5 Qf4 0-1

[Event "AUTO-BEG-170"]
[Site "http://www.queenalice.com/game.php?id=358722"]
[Date "2008.2.22"]
[Round "2"]
[White "lilars"]
[Black "RocketJoe"]
[Result "1-0"]
[WhiteElo "1283"]
[BlackElo "1401"]

1. d4 e6 2. c4 Qe7 3. Nf3 Qb4+ 4. Nc3 Qxc4 5. e3 Qc6 6. Ne5 Qd6 7. Nb5 Qb6 8. a4
c5 9. Nc4 Qc6 10. Ne5 Qb6 11. Qf3 Nh6 12. e4 f6 13. Bxh6 gxh6 14. Qxf6 Qa5+ 15.
Kd1 a6 16. Be2 Be7 17. Bh5+ Kd8 18. Qxh8+ Bf8 19. Qxf8# 1-0

[Event "AUTO-BEG-170"]
[Site "http://www.queenalice.com/game.php?id=358723"]
[Date "2008.2.22"]
[Round "2"]
[White "RocketJoe"]
[Black "lilars"]
[Result "0-1"]
[WhiteElo "1401"]
[BlackElo "1258"]

1. e3 e5 2. Qf3 Nf6 3. Qg3 Nc6 4. Nf3 d6 5. Bd3 e4 6. Be2 exf3 7. Bxf3 Ne5 8. d4
Nxf3+ 9. Qxf3 d5 10. O-O Bd6 11. Nc3 Bg4 12. Qxg4 Nxg4 13. Re1 Bxh2+ 14. Kf1 Qf6
15. f3 Bg3 16. Re2 Qh4 17. Rd2 Qh1+ 18. Ke2 Qe1+ 0-1

[Event "AUTO-BEG-170"]
[Site "http://www.queenalice.com/game.php?id=358724"]
[Date "2008.2.22"]
[Round "2"]
[White "patoche"]
[Black "RocketJoe"]
[Result "1-0"]
[WhiteElo "2062"]
[BlackElo "1403"]

1. e4 e6 2. Nf3 Bc5 3. d4 Bb4+ 4. c3 Ba5 5. Bd3 Nf6 6. O-O O-O 7. e5 Nh5 8. Ng5
d5 9. Bxh7+ Kh8 10. Qxh5 g6 11. Bxg6+ Kg8 12. Qh7# 1-0

[Event "AUTO-BEG-170"]
[Site "http://www.queenalice.com/game.php?id=358725"]
[Date "2008.2.22"]
[Round "2"]
[White "RocketJoe"]
[Black "patoche"]
[Result "0-1"]
[WhiteElo "1409"]
[BlackElo "2042"]

1. e3 e5 2. Bd3 d5 3. c3 Nf6 4. Nf3 e4 5. Bb5+ c6 6. Be2 exf3 7. Bxf3 Bd6 8. O-O
O-O 9. d4 Bf5 10. Re1 Re8 11. Qb3 Qe7 12. Nd2 a5 13. Nf1 a4 14. Qd1 Nbd7 15. Ng3
Bg6 16. Qe2 Ne4 17. Nxe4 dxe4 18. Bg4 f5 19. Bh3 Nf6 20. Bd2 Bh5 21. Qc4+ Bf7
22. Qe2 Bh5 23. Qf1 Ng4 24. g3 Qg5 25. b3 Nf6 26. Rab1 axb3 27. axb3 Ra2 28. Bc1
Rea8 29. Qc4+ Bf7 30. Qf1 Ng4 31. f3 Nxh2 32. f4 Qxg3+ 33. Bg2 Nxf1 34. Rb2 Rxb2
35. Bxb2 Qxe1 36. Bxf1 Ra2 0-1

[Event "Challenge"]
[Site "http://www.queenalice.com/game.php?id=359734"]
[Date "2008.2.23"]
[Round "-"]
[White "RocketJoe"]
[Black "Stulzer"]
[Result "0-1"]
[WhiteElo "1401"]
[BlackElo "2288"]

1. e3 d5 2. Nf3 Nf6 3. Bd3 Bg4 4. O-O e5 5. Bb5+ c6 6. Qe2 Bxf3 7. gxf3 cxb5 8.
Qxb5+ Qd7 9. Qxd7+ Nbxd7 10. Nc3 O-O-O 11. b3 g6 12. e4 Nc5 13. f4 Nfxe4 14. Nb5
a6 15. Na7+ Kb8 16. Nc6+ bxc6 17. Ba3 Ne6 18. d3 Nd2 19. Bb2 Nxf4 20. Rfd1 Nf3+
21. Kh1 Bd6 22. c4 h5 23. c5 Bc7 24. Bc1 e4 25. dxe4 dxe4 26. Rxd8+ Rxd8 27. a4
Rd1# 0-1

[Event "vem q vem"]
[Site "http://www.queenalice.com/game.php?id=359927"]
[Date "2008.2.24"]
[Round "-"]
[White "RocketJoe"]
[Black "Harama"]
[Result "1-0"]
[WhiteElo "1380"]
[BlackElo "1547"]

1. e3 e6 2. Bd3 Qg5 3. Nh3 Qxg2 4. Rg1 Qxh3 5. Qg4 Qxh2 6. b3 g6 7. Bb2 f6 8.
Qg3 Qh5 9. Nc3 Na6 10. Nb5 Bd6 11. Qg4 c6 12. Nxd6+ Kf8 13. Qf4 Nh6 14. Qxf6+
Kg8 15. Qxh8# 1-0

[Event "Challenge"]
[Site "http://www.queenalice.com/game.php?id=360003"]
[Date "2008.2.24"]
[Round "-"]
[White "Harama"]
[Black "RocketJoe"]
[Result "1-0"]
[WhiteElo "1518"]
[BlackElo "1401"]

1. e3 Nc6 2. c3 d6 3. Qb3 b6 4. Bc4 Na5 5. Bxf7+ Kd7 6. Qe6+ Kc6 7. Qd5+ Kd7 8.
Bxg8 c6 9. Qe6+ Kc7 10. Qf7 Ba6 11. b3 c5 12. Qd5 Bb7 13. Qf5 Bxg2 14. Bd5 g6
15. Qe6 Qd7 16. Qxd7+ Kxd7 17. Bxg2 h5 18. Bxa8 Bg7 19. Be4 Rh6 20. Nf3 c4 21.
Rg1 g5 22. Nxg5 Rh8 23. Nf7 Rg8 24. Rg5 Ke8 25. Bd5 Kd7 26. Ne5+ Bxe5 27. Bxg8
Bxh2 28. d4 cxb3 29. Rg2 1-0

[Event "Challenge"]
[Site "http://www.queenalice.com/game.php?id=360336"]
[Date "2008.2.24"]
[Round "-"]
[White "RocketJoe"]
[Black "SweetLew"]
[Result "0-1"]
[WhiteElo "1356"]
[BlackElo "1353"]

1. e3 e6 2. Nf3 g6 3. d4 Nf6 4. Bd3 Ng4 5. O-O f6 6. c3 Bd6 7. e4 c6 8. Bc4 Qc7
9. Qd2 Bxh2+ 10. Kh1 b5 11. Bb3 d5 12. Qh6 Nxh6 13. Nxh2 dxe4 14. Bxh6 e5 15.
Re1 exd4 16. Rxe4+ Kd8 17. Rxd4+ Bd7 18. Be6 a5 19. Bf4 Qb7 20. Bxb8 Rxb8 21.
Bxd7 c5 22. Rd1 Qe4 23. Bc6+ Kc7 24. Bxe4 f5 25. Bd5 Rhd8 26. Nf3 Re8 27. Na3 b4
28. cxb4 Rxb4 29. Nc4 h5 30. Nxa5 Rxb2 31. Rab1 Rxf2 32. Rd2 Rxd2 0-1

[Event "melhor de 3 =D"]
[Site "http://www.queenalice.com/game.php?id=363871"]
[Date "2008.3.1"]
[Round "-"]
[White "Harama"]
[Black "RocketJoe"]
[Result "1-0"]
[WhiteElo "1707"]
[BlackElo "1379"]

1. e4 e5 2. c3 c6 3. d4 d5 4. dxe5 dxe4 5. Qxd8+ Kxd8 6. Bf4 Bc5 7. Nd2 Bf5 8.
Ne2 Ne7 9. O-O-O Bxf2 10. Nxe4+ Nd5 11. Nxf2 Rg8 12. c4 g5 13. Be3 Nd7 14. cxd5
cxd5 15. Nc3 Rc8 16. Rxd5 Be6 17. Ra5 a6 18. Ne4 h6 19. Nd6 Rc7 20. Bb5 axb5 21.
Ra8+ Ke7 22. Rxg8 Nxe5 23. Rd1 Bg4 24. Re8+ Kd7 25. Rd4 Rc6 26. Rxe5 f6 27.
Nxb5+ Kc8 28. Re8# 1-0

[Event "Challenge"]
[Site "http://www.queenalice.com/game.php?id=366067"]
[Date "2008.3.5"]
[Round "-"]
[White "Enxadrista_27"]
[Black "RocketJoe"]
[Result "0-1"]
[WhiteElo "1557"]
[BlackElo "1401"]

1. e4 e5 2. Nf3 Nf6 3. Bc4 Bc5 4. Nc3 O-O 5. d4 exd4 6. Nxd4 Qe8 7. O-O Nxe4 8.
Nxe4 Qxe4 9. Re1 Qxd4 10. Qxd4 Bxd4 11. Be3 Bxb2 12. Rad1 d6 13. Rd5 Be6 14. Rb5
Bxc4 15. Rxb2 b6 16. c3 Na6 17. a3 Rae8 18. h4 Nc5 19. Rd2 Na4 20. Rd4 Bb5 21.
c4 Bc6 22. g4 Re6 23. h5 a5 24. Kf1 g6 25. h6 g5 26. Bxg5 Bf3 27. Bh4 Rfe8 28.
Rf4 Rxe1# 0-1

[Event "Challenge"]
[Site "http://www.queenalice.com/game.php?id=366590"]
[Date "2008.3.6"]
[Round "-"]
[White "RocketJoe"]
[Black "Kingfish"]
[Result "0-1"]
[WhiteElo "1407"]
[BlackElo "1412"]

1. e4 Nf6 2. d3 e5 3. Nf3 Nc6 4. d4 Bb4+ 5. c3 Ba5 6. Nxe5 Nxe5 7. dxe5 Nxe4 8.
Qd5 Nxf2 9. Kxf2 Bb6+ 10. Ke1 d6 11. Bb5+ c6 12. Bxc6+ Bd7 13. Bb5 Bc5 14. Qxb7
Bxb5 15. Qxb5+ Ke7 16. Bf4 Rb8 17. Qc6 Rb6 18. Qd5 Re8 19. c4 Rxb2 20. Rf1 Kf8
21. Bg3 Re7 22. Bh4 Rxe5+ 23. Qxe5 Qa5+ 24. Qc3 Bb4 25. Rf3 Bxc3+ 26. Rxc3 Qe5+
27. Kd1 Rxg2 28. Nd2 Qe2+ 29. Kc2 Qxd2+ 30. Kb3 Qb2+ 31. Ka4 Qxc3 32. c5 Rg4+
33. Kb5 Qxc5+ 34. Ka6 Qb6# 0-1

[Event "Challenge"]
[Site "http://www.queenalice.com/game.php?id=367232"]
[Date "2008.3.7"]
[Round "-"]
[White "MurielleLyon"]
[Black "RocketJoe"]
[Result "1-0"]
[WhiteElo "1644"]
[BlackElo "1391"]

1. e4 e5 2. d3 d6 3. Be3 Be6 4. Nc3 Nc6 5. Nf3 Na5 6. Qd2 c5 7. Be2 Qb6 8. Rb1
Nf6 9. O-O d5 10. Nxe5 d4 11. Na4 Qc7 12. Nc4 Nxc4 13. dxc4 dxe3 14. Qxe3 Bd6
15. g3 1-0